Normal view
MARC view
Entry Personal Name
001 - CONTROL NUMBER
- control field: 127989
003 - CONTROL NUMBER IDENTIFIER
- control field: OSt
005 - DATE AND TIME OF LATEST TRANSACTION
- control field: 20220918213701.0
008 - FIXED-LENGTH DATA ELEMENTS
- fixed length control field: 220918|| aca||aabn | a|a d
040 ## - CATALOGING SOURCE
- Original cataloging agency: OSt
- Transcribing agency: OSt
100 ## - HEADING--PERSONAL NAME
- Personal name: Husung Hans Gerhard Ed
670 ## - SOURCE DATA FOUND
- Source citation: Work cat.: (OSt)256939: Mommsen Wolfgang J Ed 121197, Development of trade unionism in Great Britain and Germany 1880-1914, 1985
